De la psicosis paranoica en sus relaciones con la personalidad /

Spremljeno u:
Bibliografski detalji
Glavni autor: Lacan, Jacques (autor)
Daljnji autori: Alatorre, Antonio (traducción) (traducción)
Format: Knjiga
Jezik:španjolski
Izdano: México : Siglo XXI, 1976, c1976
Serija:(Psicología y Etología)
Teme:
Oznake: Dodaj oznaku
Bez oznaka, Budi prvi tko označuje ovaj zapis!

MARC

LEADER 00000nam^a2200000^a^4500
001 000070299
005 20250521000000.0
009 20260526120416.093
037 |a Acervo ITESO - Biblioteca 
041 |a ESP 
082 |a 150. 1957  |b LAC PSI EDI 
100 |a Lacan, Jacques  |e (autor) 
240 1 1 |a [De la psicosis paranoica en sus relaciones con la personalidad] 
245 1 0 |a De la psicosis paranoica en sus relaciones con la personalidad /  |c J. Lacan ; tr. por A. Alatorre. 
264 4 |a México :  |b Siglo XXI,  |c 1976, c1976 
300 |a 353 p. 
336 |a texto  |b txt  |2 rdacontenido 
337 |a sin mediación  |b n  |2 rdamedio 
338 |a volumen  |b nc  |2 rdasoporte 
440 1 |a (Psicología y Etología) 
500 |a Traducción de: De la psychose paranoïaque dans ses rapports avec la personnalité suivi de premiers écrits sur la paranïa 
649 |a XX 
650 |a Personalidad Paranoide -  |x Tema Principal 
650 |a Paranoia -  |x Tema Principal 
650 |a Psicosis 
650 |a Trastornos de la Personalidad 
650 |a Psicopatología 
650 |a Psicoanálisis Lacaniano 
650 |a Escuela Francesa de Psicoanálisis 
650 |a Psicoanálisis Freudiano 
650 |a Psiquiatría 
650 |a Psicología Clínica 
700 |a Alatorre, Antonio  |e (traducción) 
740 0 |a Primeros escritos sobre la paranoia /  |c J. Lacan. 
910 |a Fondo Armando Suárez Gómez 
920 |a Impresos - Libros 
930 |a Fondos Especiales 
905 |a 111 
901 |a 0700005876  |b IT2  |c ESP  |u 20250521 
902 |a https://opac.biblio.iteso.mx/vufind/Record/000070299